Human resource management / (Record no. 246)

000 -LEADER
fixed length control field 00560 a2200181 4500
008 - FIXED-LENGTH DATA ELEMENTS--GENERAL INFORMATION
fixed length control field 210419b ||||| |||| 00| 0 eng d
020 ## - INTERNATIONAL STANDARD BOOK NUMBER
International Standard Book Number 9788126553785
082 00 - DEWEY DECIMAL CLASSIFICATION NUMBER
Classification number 658.3
Item number D292
100 ## - MAIN ENTRY--PERSONAL NAME
Personal name DeCenzo, David A.
9 (RLIN) 4970
245 ## - TITLE STATEMENT
Title Human resource management /
250 ## - EDITION STATEMENT
Edition statement 11th ed.
260 ## - PUBLICATION, DISTRIBUTION, ETC. (IMPRINT)
Place of publication, distribution, etc New Delhi:
Name of publisher, distributor, etc John Wiley & Sons.
Date of publication, distribution, etc c2017.
300 ## - PHYSICAL DESCRIPTION
Extent xxi, 424 p.
650 #0 - SUBJECT ADDED ENTRY--TOPICAL TERM
Topical term or geographic name as entry element Personnel Management
700 ## - ADDED ENTRY--PERSONAL NAME
9 (RLIN) 1779
Personal name Robbins, Stephen P.
9 (RLIN) 4972
Personal name Verhulst, Susan L.
942 ## - ADDED ENTRY ELEMENTS (KOHA)
Source of classification or shelving scheme
Item type Books
Holdings
Withdrawn status Lost status Source of classification or shelving scheme Damaged status Not for loan Permanent location Current location Date acquired Source of acquisition Cost, normal purchase price Full call number Barcode Date last seen Cost, replacement price Koha item type
          IMU Kolkata IMU Kolkata 2019-09-16 Sterling Book House 551.65 658.3 D292 13360 2019-09-16 649.00 Books
          IMU Kolkata IMU Kolkata 2019-09-16 Sterling Book House 551.65 658.3 D292 13361 2019-09-16 649.00 Books
Designed and Maintained by IMU-KC Library, Kolkata Campus © Copyright All Rights Reserved

webs counters

Powered by Koha